| 000 | 00000nam##2200000za#4500 |
| 001 | 9.695416 |
| 003 | CaOODSP |
| 005 | 20210624234551 |
| 007 | cr ||||||||||| |
| 008 | 150407|1999||||xxc|||||o f|0| 0 eng|d |
| 040 | |aCaOODSP|beng |
| 043 | |an-cn--- |
| 086 | 1 |aH49-122/1999E-PDF |
| 110 | 1 |aCanada.|bHealth Canada. |bBureau of Reproductive and Child Health. |
| 245 | 12|aA selected, annotated bibliography of child maltreatment reporting by education professionals / |h[electronic resource]|cby Valérie Gaston and Janis Sutherland. |
| 260 | |aOttawa - Ontario : |bHealth Canada. |cc1999. |
| 300 | |a23p.|breferences, index |
| 500 | |aThe catalogue number (H49-122/1999E) and ISBN (0-660-27959-X) for the print edition have been incorrectly copied in this electronic publication. |
| 504 | |aBibliography. |
| 590 | |a12-15-Supp|b2012-04-13 |
| 690 | 07|aViolence against children|2gcpds |
| 720 | 1 |aGaston, Valérie |
| 720 | 1 |aSutherland, Janis |
| 775 | 08|tBibliographie sélective et annotée sur le signalement par des professionnels de l'éducation de la maltraitance envers les enfants / |w(CaOODSP)9.639554 |
| 776 | 0#|tA selected, annotated bibliography of child maltreatment reporting by education professionals / |w(CaOODSP)9.647382 |
| 856 | 40|ahttp://publications.gc.ca|qPDF|s213 KB|uhttps://publications.gc.ca/collections/Collection/H49-122-1999E.pdf |